| 000 | 00451 a2200121 4500 | ||
|---|---|---|---|
| 020 | _a0133625923 | ||
| 082 | _a628.168 BED | ||
| 100 | _aBedient, Philip B., | ||
| 245 |
_aGround water contamination : _btransport and remediation / _cPhilip B. Bedient, Hanadi S. Rifai, Charles J. Newell. |
||
| 260 |
_aEnglewood Cliffs, N.J. : _bPTR Prentice Hall, _c1994. |
||
| 300 |
_axvi, 541 p. : _bill. ; _c25 cm. |
||
| 650 |
_aGroundwater _xPollution. |
||
| 650 |
_aGroundwater _xQuality _xManagement. |
||
| 999 |
_c1673 _d1673 |
||